Culture générale variée - Statistiques

Statistiques générales
  • Ce quiz a été pris 165 fois
  • Le résultat moyen est 16 sur 30
Statistiques - réponses
Hint Réponse % Correct
Quelle est la capitale de l'Australie ? Canberra
92%
Dans une fable de La Fontaine, quel protagoniste dit : "Sans mentir, si votre ramage se rapporte à votre plumage, vous êtes le phénix des hôtes de ces bois." ? Le renard
89%
Comment s'appelle le chien a trois têtes, gardien de l'entrée des enfers ? Cerbère
84%
Quel organe peut être touché par une cirrhose ? Le foie
81%
Quel est le premier président à effectuer un mandat sous la Ve République ? Charles de Gaulle
79%
Combien de côtés possède un dodécagone ? 12
78%
Quelle ville subit un bombardement atomique le 9 août 1945, trois jours après Hiroshima ? Nagasaki
78%
Qui a écrit Voyage au centre de la Terre en 1864 ? Jules Verne
77%
En quelle année Neil Armstrong a-t-il marché sur la Lune ? 1969
71%
Qui dit dans une oeuvre : "S'il vous plait... dessine-moi un mouton !" ? Le Petit Prince
69%
Qui est le dernier français à avoir remporté le tournoi de Roland Garros ? Yannick Noah
66%
Quel élément chimique a pour symbole K ? Le Potassium
65%
En quelle année a eu lieu la bataille de Marignan ? 1515
62%
Comment s'appelle la femelle du sanglier ? La laie
61%
Dans quelle ville célèbre-t-on la Fête des Lumières le 8 décembre ? Lyon
59%
Dans quelle série Susan Mayer et Bree Van de Kamp ont pour amies Lynette Scavo et Gabrielle Solis ? Desperate housewives
54%
À quoi correspond le G de l'acronyme GAFAM ? Google
52%
Quel personnage meurt dans un grand nombre d'épisodes de South Park ? Kenny
44%
De quelle couleur est une améthyste ? Violette
40%
Quelle est la capitale de l'état du Texas aux Ètats-Unis ? Austin
36%
À quel peintre attribue-t-on "L'origine du monde" ? Gustave Courbet
32%
Quel est le prénom de l'homme plus connu sous le nom de Che Guevara ? Ernesto
29%
Quelle chanteuse française a interprété XXL ? Mylène Farmer
29%
Quel est le nom du navire océanographique de Jacques-Yves Cousteau ? La Calypso
28%
Dans la série Friends, quel est le prénom du serveur du Central Perk ? Gunther
27%
Quelle est l'année de la signature de l'Edit de Nantes par Henri IV ? 1598
20%
Comment s'appelle le père Noêl dans Le père Noël est une ordure ? Félix
19%
En quelle année se déroule la majeure partie du film Retour vers le futur III ? 1885
17%
Quel personnage de BD, crée par Roger Leloup est une jeune électronicienne japonaise ? Yoko Tsuno
11%
Quel est le nom du gros orteil dans la nouvelle nomenclature anatomique ? Hallux
6%
Aucun quiz correspondant
Distribution des résultats
% des personnes avec chaque résultat
Percentile par nombre de réponses
Votre historique - résultats
Vous n’avez pas pris ce quiz